00845nam a22002417a 450000500170000001000110001702000100002803500110003803700160004904000120006508200150007710000330009224500950012526000520022027000130027230000250028550000190031065000690032965000420039894200240044099900190046495201200048320170124110007.0 a253844 c00.00 a253844 bCen Lib/Ret aDPLbEN a378.1bCAR aCarmichael, Oliver C.917039 aUniversities :cby Oliver C. CarmichaelbCommonwealth and American ; a comparative study / aNew YorkbHarper and Brothers Publishers c1959 bNew York axx, 390p. c21cm(Hb) aIncludes index aEducation, Higher -- Curricula -- Commonwealth countries.973789 aEducation, Higher -- Curricula973790 2ddccENh378.1mCAR c126249d126249 00104070aLbLd2015-06-25eCen Lib/Retg0.00l0o378.1 CARp253844r2015-06-25 00:00:00t1v0.00w2015-06-25yEN